01402 a2200229 4500003000500000005001700005010001200022040000900034082001500043100003000058110003000088245006000118250001200178260003500190300000900225505071100234600003000945650003200975942002401007999001901031952012201050Nust20221121113550.0 a6910274 cNust a515.35,REI aEarl D. Rainville9103249 aPhillip E.Bedient9103250 aElementary Differential Equations / cEarl D. Rainville a4th ed. aNew yorkbMacmillan Compc1969 a466p aDefinitions, Elimination Of Arbitrary Constants (Page-1), Equations Of Order One (Page-16), Elementary Applications (Page-44), Linear Differential Equations (Page-82), Linear Equations With Constant Coefficients (Page-97), Non-Homogenious Equations (Page-110), Variations Of Parameters (Page-126), Inverse Differential Operators (Page-139), The Laplace Transform (Page-148), Applications (Page-201), System Of Equations (Page-222), Electric Circuits And Networks (Page-231), Nonlinear Equations (Page-252), The Power Series Method (Page-275), Numerical Methods (Page-343), Partial Differential Equations (Page-358), Orthogonal Sets (Page-372), Fourier Series (Page-380), Boundary Value Problems (Page-406). aEarl D. Rainville9103249 aDifferential Equations9688 2ddccBKk515.35,REI c181476d181476 00102ddc4070aMCSbMCScGENd2016-12-12o515.35,REIpMCS97r2016-12-08w2016-12-12yBKzAlmirah No.13, Shelf No. 4